000 00650nam a2200205Ia 4500
005 20260121110012.0
008 008 260114s9999 xx 000 0 hin d
020 _a9788132381068
037 _aEBOOK
040 _aCRL
_bhin
_cCRL
041 _ahin
_2hin
084 _qCRL
100 _aहर्षीन शर्मा / Harshine Sharma
_9940835
245 0 _aकछुए: पशु विज्ञान / Kachhua: pashu vigyaan
260 _bभाषा प्रकाशन / Bhasha Prakashan
_c2022
856 _uhttps://bhashaprakashan.com/product-details/381258
942 _cEBOOK
999 _c1532500
_d1532500